Пестрые сказки с красным словцом, собранные Иринеем Модестовичем Гомозейкой, магистром философии и членом разных ученых обществ, изданные В. Безгласным; Сказки Иринея Модестовича Гомозейки

Bibliographic Details
Main Author: Одоевский В. Ф. Владимир Федорович
Summary:Факсимильное воспроизведение издания 1833 г.
Факсимильное изд. и Приложение в одной суперобложке
Автор указан на корешке суперобложки
Иллюстрации и другие элементы украшения выполнены торцовой гравюрой.
Language:Russian
Published: Москва, Книга, 1991
Edition:Факсимильное изд.
Subjects:
Format: Book
KOHA link:https://koha.lib.tpu.ru/cgi-bin/koha/opac-detail.pl?biblionumber=166889

MARC

LEADER 00000nam0a2200000 4500
001 166889
005 20231101222643.0
010 |a 5212004497 
035 |a (RuTPU)RU\TPU\book\181022 
090 |a 166889 
100 |a 20091008e1991 m y0rusy50 ca 
101 0 |a rus 
102 |a RU 
105 |a a z 001zb 
200 1 |a Пестрые сказки с красным словцом, собранные Иринеем Модестовичем Гомозейкой, магистром философии и членом разных ученых обществ, изданные В. Безгласным  |f В. Ф. Одоевский 
205 |a Факсимильное изд. 
210 |a Москва  |c Книга  |d 1991 
215 |a I-XIV, 158 с.  |c ил.  |e Приложение к факсимильному изданию  |d 20 см. 
300 |a Факсимильное воспроизведение издания 1833 г. 
300 |a Факсимильное изд. и Приложение в одной суперобложке 
300 |a Автор указан на корешке суперобложки 
300 |a Иллюстрации и другие элементы украшения выполнены торцовой гравюрой. 
421 |t  Сказки Иринея Модестовича Гомозейки  |f М. А. Турьян  |p 47 с.  |a Турьян,  
512 1 |a Пестрые сказки 
610 1 |a русская литература 
610 1 |a сказки 
610 1 |a 19 век 
686 |a Ч611.68  |v LBC/SL-A  |2 rubbk 
700 1 |a Одоевский  |b В. Ф.  |c русский князь  |c писатель  |c музыкальный критик  |f 1803/1804-1869  |g Владимир Федорович  |2 stltpush  |3 (RuTPU)RU\TPU\pers\8102  |9 1576 
801 1 |a RU  |b 63413507  |c 20091008 
801 2 |a RU  |b 63413507  |c 20140602  |g RCR 
942 |c BK